| 000 | 00636nam a2200205 i 4500 | ||
|---|---|---|---|
| 001 | 26666 | ||
| 003 | ES-MaACL | ||
| 005 | 20250702063038.0 | ||
| 007 | t| | ||
| 008 | 030110s1967 sp ||||1| spa d | ||
| 100 | 1 |
_aAsturias, Miguel Ángel, _d1899-1974 _923701 |
|
| 245 | 1 | 0 |
_aTorotumbo _b: ; La audiencia de los confines ; Mensajes indios / _cMiguel Angel Asturias. |
| 250 | _a1ª ed. | ||
| 260 |
_aBarcelona, etc : _bPlaza y Janés, _c1967. |
||
| 300 |
_a202 p. ; _c19 cm. |
||
| 740 | 3 | _aLa audiencia de los confines. | |
| 740 | 0 | _aMensajes indios. | |
| 852 |
_aES-MaACL _jC-34153 _bR.64892 |
||
| 999 |
_c26666 _d26666 |
||